Concurso literario nacional premio Stella Corvalán: obras premiadas, género poesía

Guardat en:
Dades bibliogràfiques
Autor corporatiu: Ilustre Municipalidad de Talca (Autor)
Format: Llibre
Idioma:espanyol
Publicat: Talca Ilustre Municipalidad de Talca 2013
Matèries:
Etiquetes: Afegir etiqueta
Sense etiquetes, Sigues el primer a etiquetar aquest registre!

MARC

LEADER 00000cam a2200000 a 4500
001 UCE2984
003 CL-VaPUC
008 140807e20130000cl |||||||||||||||||spa|d
082 0 4 |a Ch861  |b ILU  |2 21 
110 2 |a Ilustre Municipalidad de Talca  |e author  |9 575525 
245 1 0 |a Concurso literario nacional premio Stella Corvalán: obras premiadas, género poesía 
300 |a 99 p 
942 |c BK 
945 |d 20140807 14:45:00  |a arojas 
260 |a Talca  |b Ilustre Municipalidad de Talca  |c 2013 
500 |a Incluye folleto informativo 
650 0 |a Literatura chilena   |9 308278 
650 0 |a Concurso literario  |9 504905 
650 0 |a Poesías chilenas   |9 265280 
583 |a last modification  |c 20140807 14:45:00  |k Rodrigo Vera 
999 |c 356498  |d 356496 
952 |0 0  |1 0  |3 erb  |4 0  |6 CH_861_000000000000000_ILU_2013  |7 0  |8 A  |9 463876  |a BIBEDU  |b BIBEDU  |c ES_NOD  |i 5075823  |o Ch861 ILU 2013  |p 5075823  |r 2023-08-09  |w 2019-11-23  |y BK  |z Catalogado en:20140807  |k LIT